000 00852nam a2200253Ia 4500
003 OSt
005 20220923224203.0
006 a|||||r|||| 00| 0
007 ta
008 220922b |||||||| |||| 00| 0 hin d
024 _a228,161
037 _cTextual
040 _aARTS
_cARTS
_bhin
041 _2hin
_ahin
082 _a40aY, 152P2
100 _aचोपड़ा, लक्ष्मेंद्र
245 0 _aजनसंचार का समाजशास्त्र
246 _aJanasanchār kā samājashāstra
260 _aपंचकूला
_b आधार प्रकाशन
_c2002
300 _a160पृ.
_ccm.
650 _aहिन्दी पत्रकारिता
942 _h40aY, 152P2
_cTEXL
_2CC
999 _c369837
_d369837